000 00301nam a22001337a 4500
008 170926b xxu||||| |||| 00| 0 eng d
020 _a9780078124549
041 _aeng
080 _25TH
_a37
100 _a46
101 _aEDU
245 _aSENTENCE SKILLS WITH READINGS
_cLANGAN,J
942 _2udc
_cBK
999 _c29815
_d29815